[Event "LAT-chT"]
[Site "Riga"]
[Date "2018.09.09"]
[Round "7.3"]
[White "Tokranovs, Dmitrijs"]
[Black "Kalnins, Kristaps"]
[Result "1-0"]
[WhiteElo "2272"]
[BlackElo "2309"]
[PlyCount "107"]
[EventDate "2018.06.09"]
[EventType "team-tourn"]
[EventRounds "11"]
[EventCountry "LAT"]
[SourceTitle "EXT 2019"]
[Source "ChessBase"]
[SourceDate "2018.10.10"]
[SourceVersion "1"]
[SourceVersionDate "2018.10.10"]
[SourceQuality "1"]
[WhiteTeam "Rigas Saha School"]
[BlackTeam "Riga Technical Univ"]
[WhiteTeamCountry "LAT"]
[BlackTeamCountry "LAT"]

1. e4 e5 2. Nf3 Nc6 3. Bc4 Nf6 4. Ng5 d5 5. exd5 Na5 6. Bb5+ c6 7. dxc6 bxc6 8. Bd3 Bc5 9. 0-0 Nd5 10. Ne4 Bb6 11. Ng3 Nf4 12. Be4 0-0 13. d3 f5 14. Bf3 Nd5 15. Nc3 Nb7 16. Bd2 Nc5 17. Nxd5 cxd5 18. d4 exd4 19. Bb4 Ba6 20. Bxc5 Bxc5 21. Re1 Qd6 22. Qd2 Rad8 23. a3 Rf6 24. Qg5 Bc8 25. Nh5 Rf7 26. Rad1 f4 27. Bxd5 Qxd5 28. Re8+ Rxe8 29. Qxd5 Bb6 30. Nxf4 Bb7 31. Qb3 Ba6 32. Nd3 Re2 33. Rf1 Kf8 34. Qb4+ Kg8 35. Nc5 d3 36. cxd3 Bxc5 37. Qxc5 Bxd3 38. Qd5 Ba6 39. b4 g6 40. h3 Rb2 41. Qd4 Bxf1 42. Qxb2 Bc4 43. Qd4 Be6 44. a4 Rd7 45. Qe4 Kf7 46. Qf4+ Ke7 47. Qe5 Kf7 48. b5 h5 49. a5 Rd5 50. Qb8 Rd7 51. a6 Bd5 52. b6 axb6 53. a7 Ke6 54. Qxb6+ 1-0

[Event "EST-ch U26"]
[Site "Tartu"]
[Date "2014.05.16"]
[Round "5"]
[White "Kalnins, Kristaps"]
[Black "Sandvik, Thomas"]
[Result "1-0"]
[WhiteElo "2362"]
[BlackElo "2059"]
[PlyCount "57"]
[EventDate "2014.05.16"]
[EventType "swiss"]
[EventRounds "9"]
[EventCountry "EST"]
[SourceTitle "CBM 160 Extra"]
[Source "ChessBase"]
[SourceDate "2014.07.01"]
[SourceVersion "1"]
[SourceVersionDate "2014.07.01"]
[SourceQuality "1"]

1. e4 e5 2. d4 exd4 3. Qxd4 Nc6 4. Qe3 d6 5. Nc3 Nf6 6. Bd2 Be7 7. 0-0-0 0-0 8. Bc4 Be6 9. Bxe6 fxe6 10. Qh3 e5 11. g4 Nd4 12. Qg2 c6 13. Be3 Ne6 14. Nge2 Qa5 15. Qh3 Nc7 16. g5 Nfe8 17. Kb1 b5 18. Qd7 b4 19. g6 hxg6 20. Qxe7 bxc3 21. Nxc3 Rb8 22. Rd3 Qb4 23. Bc1 Rxf2 24. Nd1 Rf6 25. Rb3 Qxe4 26. Rxb8 Qxh1 27. Qxc7 Qxd1 28. Rxe8+ Kh7 29. Re7 1-0

[Event "Universiad Men 27th"]
[Site "Kazan"]
[Date "2013.07.15"]
[Round "9"]
[White "Kalnins, Kristaps"]
[Black "Lapcevic, Milos"]
[Result "0-1"]
[WhiteElo "2269"]
[BlackElo "2403"]
[PlyCount "94"]
[EventDate "2013.07.09"]
[EventType "swiss"]
[EventRounds "9"]
[EventCountry "RUS"]
[SourceTitle "EXT 2014"]
[Source "ChessBase"]
[SourceDate "2013.11.20"]
[SourceVersion "1"]
[SourceVersionDate "2013.11.20"]
[SourceQuality "1"]

1. e4 c5 2. Nf3 d6 3. d4 cxd4 4. Nxd4 Nf6 5. Nc3 a6 6. Be2 e5 7. Nb3 Be7 8. Be3 Be6 9. Bf3 Nbd7 10. 0-0 0-0 11. Re1 Qc7 12. Nd2 b5 13. Nd5 Nxd5 14. exd5 Bf5 15. Be4 Bxe4 16. Nxe4 f5 17. Bg5 Nb6 18. Bxe7 Qxe7 19. Nc3 Rac8 20. a4 b4 21. Na2 a5 22. c3 f4 23. Qf3 b3 24. Nc1 Nc4 25. Nxb3 Qb7 26. Nc1 Qxb2 27. Ra2 Qb1 28. Rae2 Rb8 29. h4 Qf5 30. Qd3 Qxd3 31. Nxd3 Rb3 32. Rc1 Rc8 33. f3 Kf7 34. Nf2 Rcb8 35. Ne4 Rb1 36. Rxb1 Rxb1+ 37. Kh2 Ra1 38. g3 fxg3+ 39. Kxg3 Ke7 40. Ng5 Rxa4 41. Nxh7 Ra1 42. Kg4 a4 43. Re4 Rg1+ 44. Kh5 Nb6 45. Ng5 a3 46. Nh3 Nxd5 47. Nxg1 Nf6+ 0-1

[Event "Universiad Men 27th"]
[Site "Kazan"]
[Date "2013.07.14"]
[Round "7"]
[White "Jurcik, Marian"]
[Black "Kalnins, Kristaps"]
[Result "0-1"]
[WhiteElo "2512"]
[BlackElo "2269"]
[PlyCount "66"]
[EventDate "2013.07.09"]
[EventType "swiss"]
[EventRounds "9"]
[EventCountry "RUS"]
[SourceTitle "EXT 2014"]
[Source "ChessBase"]
[SourceDate "2013.11.20"]
[SourceVersion "1"]
[SourceVersionDate "2013.11.20"]
[SourceQuality "1"]

1. e4 e5 2. Nf3 Nc6 3. Bb5 a6 4. Ba4 Nf6 5. 0-0 b5 6. Bb3 Be7 7. d3 d6 8. a4 b4 9. Nbd2 0-0 10. a5 Rb8 11. h3 Nd7 12. Bd5 Bb7 13. Re1 Kh8 14. c3 bxc3 15. bxc3 Nxa5 16. Bxf7 Rxf7 17. Rxa5 Nc5 18. Qc2 Ne6 19. Ra2 Bc8 20. d4 Nf4 21. dxe5 Bxh3 22. gxh3 Qd7 23. Re3 Qxh3 24. Ne1 Qg4+ 25. Kf1 Bh4 26. Rf3 Rbf8 27. Rxa6 Bxf2 28. Kxf2 Qh4+ 29. Ke3 Qxe1+ 30. Kd4 c5+ 31. Kc4 Qe2+ 32. Rd3 Nxd3 33. Qxd3 d5+ 0-1

[Event "Universiad Men 27th"]
[Site "Kazan"]
[Date "2013.07.12"]
[Round "5"]
[White "Nestorovic, Nikola"]
[Black "Kalnins, Kristaps"]
[Result "1-0"]
[WhiteElo "2461"]
[BlackElo "2269"]
[PlyCount "89"]
[EventDate "2013.07.09"]
[EventType "swiss"]
[EventRounds "9"]
[EventCountry "RUS"]
[SourceTitle "EXT 2014"]
[Source "ChessBase"]
[SourceDate "2013.11.20"]
[SourceVersion "1"]
[SourceVersionDate "2013.11.20"]
[SourceQuality "1"]

1. e4 e5 2. Nf3 d6 3. d4 Nd7 4. Bc4 c6 5. c3 b5 6. Bb3 a6 7. Ng5 Nh6 8. Qh5 Nf6 9. Qe2 Nd7 10. 0-0 Be7 11. f4 0-0 12. h3 exf4 13. Nf3 Kh8 14. Bxf4 Ng8 15. Nbd2 Nb6 16. Bc2 Be6 17. b3 Rc8 18. g4 g6 19. Rf2 Qd7 20. Ng5 h6 21. Nxe6 Qxe6 22. Raf1 Nd7 23. Rf3 a5 24. Qf2 Rcd8 25. Bd3 Ndf6 26. Bg3 Nh7 27. Qg2 Bf6 28. Bf2 b4 29. c4 Bg5 30. Rd1 Ngf6 31. d5 cxd5 32. cxd5 Qe7 33. Nc4 Nd7 34. Bg3 Ne5 35. Nxe5 dxe5 36. Qh2 Rde8 37. h4 Bf6 38. Rdf1 Bg7 39. Qf2 f5 40. gxf5 gxf5 41. Rxf5 Rxf5 42. Qxf5 Rf8 43. Qg4 Bf6 44. Bc4 Rg8 45. Qxg8+ 1-0

[Event "LAT-ch"]
[Site "Riga"]
[Date "2013.04.17"]
[Round "6"]
[White "Kalnins, Kristaps"]
[Black "Tokranovs, Dmitrijs"]
[Result "0-1"]
[WhiteElo "2280"]
[BlackElo "2110"]
[PlyCount "106"]
[EventDate "2013.04.13"]
[EventType "swiss"]
[EventRounds "9"]
[EventCountry "LAT"]
[SourceTitle "CBM 154 Extra"]
[Source "ChessBase"]
[SourceDate "2013.06.25"]
[SourceVersion "2"]
[SourceVersionDate "2013.06.25"]
[SourceQuality "1"]

1. e4 d5 2. exd5 Qxd5 3. Nc3 Qd6 4. d4 Nf6 5. Nf3 Bg4 6. h3 Bh5 7. g4 Bg6 8. Ne5 Nbd7 9. f4 e6 10. Bg2 Qa6 11. Qf3 0-0-0 12. Bf1 Qb6 13. Nc4 Qb4 14. a3 Qe7 15. Bg2 c6 16. 0-0 Nb6 17. Ne5 Qc7 18. Nxg6 hxg6 19. Ne2 Kb8 20. a4 a5 21. b3 c5 22. Be3 Nfd5 23. Bf2 c4 24. bxc4 Nxc4 25. Rfd1 Bd6 26. Rab1 Rd7 27. Rb5 Na3 28. Rb3 Qc4 29. Nc3 Nxc2 30. Nxd5 exd5 31. Bf1 Qc8 32. Qxd5 Qc7 33. Bb5 Nb4 34. Rxb4 axb4 35. Bxd7 Qxd7 36. Kg2 Rc8 37. Qe4 Qxa4 38. Rb1 Qc2 39. Qxc2 Rxc2 40. Kf3 Kc7 41. Be1 Rc4 42. Ke3 Kc6 43. Ra1 Rc2 44. f5 gxf5 45. gxf5 b3 46. Bd2 Bf4+ 47. Kxf4 Rxd2 48. Ke3 b2 49. Rb1 Rh2 50. Ke4 Kd6 51. Kf4 Kd5 52. Kg3 Rd2 53. f6 g6 0-1

[Event "LAT-ch"]
[Site "Riga"]
[Date "2013.04.14"]
[Round "2"]
[White "Kalnins, Kristaps"]
[Black "Neiksans, Arturs"]
[Result "0-1"]
[WhiteElo "2280"]
[BlackElo "2539"]
[PlyCount "134"]
[EventDate "2013.04.13"]
[EventType "swiss"]
[EventRounds "9"]
[EventCountry "LAT"]
[SourceTitle "CBM 154 Extra"]
[Source "ChessBase"]
[SourceDate "2013.06.25"]
[SourceVersion "2"]
[SourceVersionDate "2013.06.25"]
[SourceQuality "1"]

1. c4 e5 2. Nc3 Nf6 3. g3 Bb4 4. Bg2 0-0 5. Qb3 Qe7 6. d3 Nc6 7. Bd2 Nd4 8. Qd1 c6 9. e3 Ne6 10. a3 Bc5 11. Nf3 d5 12. Nxe5 d4 13. Ne2 dxe3 14. fxe3 Ng5 15. d4 Bd6 16. Nf3 Nge4 17. Bc1 Re8 18. 0-0 Bg4 19. Nf4 Rad8 20. Qb3 Bc8 21. Nd3 Ng4 22. Nfe5 Nxe5 23. Nxe5 Nc5 24. Qc2 Bxe5 25. dxe5 Qxe5 26. Rb1 Bg4 27. b4 Nd3 28. Rb3 Qd6 29. Rc3 Qd7 30. h3 Bh5 31. g4 Bg6 32. Qe2 Ne5 33. Rf4 Bd3 34. Qf2 Qe6 35. c5 Bg6 36. Rd4 Rxd4 37. exd4 Nd3 38. Qf1 Qe1 39. Rc2 Nxb4 40. Rb2 Qc3 41. Re2 Rxe2 42. Qxe2 Qxc1+ 43. Bf1 h6 44. axb4 Qf4 45. Qe5 Qxe5 46. dxe5 Be4 47. Kf2 g5 48. Ke3 Bh1 49. h4 gxh4 50. Kf4 Kf8 51. g5 hxg5+ 52. Kxg5 Ke7 53. Bh3 b6 54. cxb6 axb6 55. Kxh4 f6 56. exf6+ Kxf6 57. Bc8 Ke5 58. Bb7 b5 59. Kg3 Kd4 60. Kf4 Bd5 61. Bc8 Kc3 62. Ke3 Kxb4 63. Kd2 c5 64. Bf5 c4 65. Kc2 Kc5 66. Kc3 b4+ 67. Kd2 Kd4 0-1

[Event "LAT-ch"]
[Site "Riga"]
[Date "2013.04.14"]
[Round "3"]
[White "Starcevs, Dmitrijs"]
[Black "Kalnins, Kristaps"]
[Result "1-0"]
[WhiteElo "2123"]
[BlackElo "2280"]
[PlyCount "41"]
[EventDate "2013.04.13"]
[EventType "swiss"]
[EventRounds "9"]
[EventCountry "LAT"]
[SourceTitle "CBM 154 Extra"]
[Source "ChessBase"]
[SourceDate "2013.06.25"]
[SourceVersion "2"]
[SourceVersionDate "2013.06.25"]
[SourceQuality "1"]

1. e4 c5 2. Nf3 Nc6 3. d4 cxd4 4. Nxd4 Nf6 5. Nc3 d6 6. Bg5 e6 7. Qd2 a6 8. 0-0-0 Bd7 9. f4 h6 10. Bh4 b5 11. a3 Rc8 12. Be2 Qb6 13. Nxc6 Bxc6 14. Bf3 Nd7 15. Rhe1 b4 16. Nd5 Bxd5 17. exd5 bxa3 18. Rxe6+ Be7 19. Rxe7+ Kf8 20. bxa3 Rb8 21. Qb4 1-0

[Event "LAT-ch"]
[Site "Riga"]
[Date "2012.05.05"]
[Round "9"]
[White "Kalnins, Kristaps"]
[Black "Marutkins, Olegs"]
[Result "0-1"]
[WhiteElo "2290"]
[BlackElo "1970"]
[PlyCount "88"]
[EventDate "2012.04.29"]
[EventType "swiss"]
[EventRounds "9"]
[EventCountry "LAT"]
[SourceTitle "CBM 148 Extra"]
[Source "ChessBase"]
[SourceDate "2012.06.22"]
[SourceVersion "1"]
[SourceVersionDate "2012.06.22"]
[SourceQuality "1"]

1. e4 c5 2. Nf3 d6 3. d4 cxd4 4. Nxd4 Nf6 5. Nc3 g6 6. Bc4 Bg7 7. f3 Nc6 8. Be3 0-0 9. Qd2 Bd7 10. 0-0-0 Rb8 11. Nd5 Ne5 12. Be2 b5 13. Bh6 Nxd5 14. Bxg7 Kxg7 15. exd5 Qc8 16. b3 Qa6 17. a4 Rfc8 18. Kb1 f6 19. f4 Nc4 20. bxc4 bxc4+ 21. Kc1 Qxa4 22. Qc3 Rb3 23. cxb3 cxb3 24. Kd2 Rxc3 25. Kxc3 a5 26. Bc4 Qb4+ 27. Kd3 a4 28. Rhe1 Kf8 29. Rb1 b2 30. f5 Bxf5+ 31. Nxf5 gxf5 32. Re2 a3 33. Ba2 h5 34. Rbe1 Qc5 35. Rc2 Qb5+ 36. Ke3 Qb4 37. Rce2 Qc3+ 38. Kf2 Qc5+ 39. Kf1 f4 40. Rxe7 Qc1 41. Bb1 Qxb1 42. Re8+ Kf7 43. R8e7+ Kg6 44. Rxb1 a2 0-1

[Event "LAT-ch"]
[Site "Riga"]
[Date "2012.05.03"]
[Round "7"]
[White "Lavendelis, Egons"]
[Black "Kalnins, Kristaps"]
[Result "1/2-1/2"]
[WhiteElo "2347"]
[BlackElo "2290"]
[PlyCount "134"]
[EventDate "2012.04.29"]
[EventType "swiss"]
[EventRounds "9"]
[EventCountry "LAT"]
[SourceTitle "CBM 148 Extra"]
[Source "ChessBase"]
[SourceDate "2012.06.22"]
[SourceVersion "1"]
[SourceVersionDate "2012.06.22"]
[SourceQuality "1"]

1. e4 e5 2. Nf3 Nc6 3. d4 exd4 4. Bc4 Nf6 5. e5 Ng4 6. Qe2 Qe7 7. Bf4 f6 8. exf6 gxf6 9. Nbd2 Qxe2+ 10. Bxe2 d6 11. Nb3 d3 12. cxd3 Bh6 13. Bxh6 Nxh6 14. d4 Be6 15. Rc1 0-0-0 16. Bc4 Rde8 17. Bxe6+ Rxe6+ 18. Kd2 Rhe8 19. Rhe1 Nb4 20. Rxe6 Rxe6 21. Ne1 Nxa2 22. Ra1 Nb4 23. Rxa7 Ng4 24. Ra4 Nxf2 25. Rxb4 Rxe1 26. Na5 Ra1 27. Rb5 c6 28. Rh5 Ne4+ 29. Kd3 d5 30. Nb3 Rg1 31. Rxh7 Rxg2 32. Nc5 Nxc5+ 33. dxc5 Rxb2 34. h4 Kd8 35. h5 Ke8 36. h6 Rh2 37. Ke3 Rh4 38. Kf3 d4 39. Rxb7 Rxh6 40. Ke4 Rh4+ 41. Kd3 Kd8 42. Rf7 Rf4 43. Kc4 Kc8 44. Kd3 Kd8 45. Kc4 Rf5 46. Kxd4 Rd5+ 47. Kc4 Rf5 48. Kb4 Rf1 49. Ka5 Rb1 50. Rxf6 Rb5+ 51. Ka6 Kd7 52. Rd6+ Kc7 53. Rh6 Rxc5 54. Rh7+ Kd6 55. Rh6+ Kd5 56. Rh5+ Kd4 57. Rh4+ Kd3 58. Rh3+ Ke4 59. Kb6 Rc2 60. Rh5 Kd4 61. Rh4+ Kd5 62. Rh5+ Kd4 63. Rh4+ Kd3 64. Rh3+ Ke4 65. Rh4+ Ke3 66. Rh3+ Kd2 67. Rh2+ Kc1 1/2-1/2

[Event "LAT-ch"]
[Site "Riga"]
[Date "2012.05.01"]
[Round "5"]
[White "Bernotas, Arturs"]
[Black "Kalnins, Kristaps"]
[Result "1-0"]
[WhiteElo "2196"]
[BlackElo "2290"]
[PlyCount "73"]
[EventDate "2012.04.29"]
[EventType "swiss"]
[EventRounds "9"]
[EventCountry "LAT"]
[SourceTitle "CBM 148 Extra"]
[Source "ChessBase"]
[SourceDate "2012.06.22"]
[SourceVersion "1"]
[SourceVersionDate "2012.06.22"]
[SourceQuality "1"]

1. e4 d6 2. d4 Nf6 3. Nc3 c6 4. g3 Nbd7 5. Bg2 e5 6. Nge2 g6 7. a4 Bg7 8. 0-0 0-0 9. a5 Re8 10. h3 exd4 11. Nxd4 Nc5 12. Re1 d5 13. exd5 Rxe1+ 14. Qxe1 Nxd5 15. Nxd5 cxd5 16. Be3 Ne4 17. Qb4 Qc7 18. Qb3 Be6 19. Nxe6 fxe6 20. Bxe4 dxe4 21. Qxe6+ Qf7 22. Qxe4 Re8 23. Qb4 Qd7 24. Bxa7 h6 25. h4 Kh7 26. Be3 Qc7 27. Qb6 Qd7 28. a6 bxa6 29. Rxa6 Qd1+ 30. Kh2 Qxc2 31. Ra7 Rxe3 32. Qxe3 Qxb2 33. h5 Qf6 34. hxg6+ Qxg6 35. Re7 Qf6 36. Qe4+ Kg8 37. Qe6+ 1-0

[Event "LAT-ch"]
[Site "Riga"]
[Date "2012.05.01"]
[Round "4"]
[White "Kalnins, Kristaps"]
[Black "Klimakovs, Sergejs"]
[Result "1-0"]
[WhiteElo "2290"]
[BlackElo "2250"]
[PlyCount "43"]
[EventDate "2012.04.29"]
[EventType "swiss"]
[EventRounds "9"]
[EventCountry "LAT"]
[SourceTitle "CBM 148 Extra"]
[Source "ChessBase"]
[SourceDate "2012.06.22"]
[SourceVersion "1"]
[SourceVersionDate "2012.06.22"]
[SourceQuality "1"]

1. e4 e5 2. Nf3 Nc6 3. d4 exd4 4. Bc4 Nf6 5. e5 Qe7 6. 0-0 Ng4 7. Re1 Qb4 8. Nbd2 Be7 9. a3 Qb6 10. h3 Ne3 11. fxe3 dxe3 12. Kh1 exd2 13. Qxd2 0-0 14. b4 a5 15. b5 Nd8 16. Qf4 Qg6 17. Nh4 Bxh4 18. Qxh4 d6 19. Re3 dxe5 20. Rg3 Qd6 21. Bh6 g6 22. Rd3 1-0

[Event "Pardubice op-A"]
[Site "Pardubice"]
[Date "2005.07.27"]
[Round "6"]
[White "Hermann, Manfred"]
[Black "Kalnins, Kristaps"]
[Result "1-0"]
[WhiteElo "2317"]
[BlackElo "2237"]
[PlyCount "71"]
[EventDate "2005.07.22"]
[EventType "swiss"]
[EventRounds "9"]
[EventCountry "CZE"]
[SourceTitle "CBM 107 Extra"]
[Source "ChessBase"]
[SourceDate "2005.09.01"]
[SourceVersion "1"]
[SourceVersionDate "2005.09.01"]
[SourceQuality "1"]

1. e4 e5 2. Nf3 Nc6 3. d4 exd4 4. Nxd4 Nf6 5. Nxc6 bxc6 6. Nc3 Bb4 7. Bd3 d5 8. exd5 cxd5 9. 0-0 0-0 10. Bg5 c6 11. Ne2 h6 12. Bh4 g5 13. Bg3 Ne4 14. c4 Nxg3 15. Nxg3 dxc4 16. Bxc4 Qxd1 17. Rfxd1 Rb8 18. Rac1 Re8 19. Bb3 Be6 20. Bxe6 Rxe6 21. Rc2 Bf8 22. Nf5 c5 23. g4 Re4 24. f3 Reb4 25. b3 a5 26. Rd7 a4 27. bxa4 Rxa4 28. Kg2 Rab4 29. Kg3 Rb1 30. Rcd2 c4 31. Rc7 Rc1 32. Rd4 c3 33. Rdc4 Rb2 34. Rc8 Rg1+ 35. Kh3 f6 36. R4c7 1-0

[Event "Pardubice op-A"]
[Site "Pardubice"]
[Date "2005.07.24"]
[Round "3"]
[White "Vachtfeidl, Petr"]
[Black "Kalnins, Kristaps"]
[Result "1/2-1/2"]
[WhiteElo "2124"]
[BlackElo "2237"]
[PlyCount "116"]
[EventDate "2005.07.22"]
[EventType "swiss"]
[EventRounds "9"]
[EventCountry "CZE"]
[SourceTitle "CBM 107 Extra"]
[Source "ChessBase"]
[SourceDate "2005.09.01"]
[SourceVersion "1"]
[SourceVersionDate "2005.09.01"]
[SourceQuality "1"]

1. e4 e5 2. Nf3 Nc6 3. Bb5 a6 4. Ba4 Nf6 5. 0-0 Nxe4 6. d4 b5 7. Bb3 d5 8. dxe5 Be6 9. Nbd2 Nc5 10. c3 Nxb3 11. Nxb3 Be7 12. Nfd4 Nxe5 13. Re1 Ng6 14. Nxe6 fxe6 15. Nd4 e5 16. Ne6 Qd7 17. Qxd5 Qxd5 18. Nxc7+ Kf7 19. Nxd5 Bd6 20. Be3 Rhe8 21. a4 Rab8 22. a5 Rec8 23. Rad1 Rb7 24. Rd2 Rc6 25. Bb6 Nf8 26. Red1 Ke6 27. Be3 Nd7 28. Kf1 Bc5 29. Ke2 Bxe3 30. Kxe3 Nc5 31. Nb4 Rc8 32. Rd6+ Ke7 33. Nxa6 Nb3 34. Rb6 Nxa5 35. Rxb7+ Nxb7 36. Rd5 Nd6 37. Rxe5+ Kf6 38. Rd5 Nc4+ 39. Kd4 Nxb2 40. Rxb5 Nd1 41. c4 Nxf2 42. Rb6+ Kf5 43. c5 Rd8+ 44. Kc4 Ng4 45. c6 Ne5+ 46. Kc5 Nxc6 47. Kxc6 Rd2 48. Rb5+ Kg6 49. g4 Rxh2 50. Rb4 h5 51. gxh5+ Kxh5 52. Nc5 g5 53. Ne6 g4 54. Rb8 g3 55. Rg8 Kh4 56. Ng5 Kg4 57. Ne4+ Kf3 58. Nxg3 Rg2 1/2-1/2

[Event "LAT-ch"]
[Site "Riga"]
[Date "2005.05.19"]
[Round "10"]
[White "Kalnins, Kristaps"]
[Black "Starostits, Ilmars"]
[Result "1/2-1/2"]
[WhiteElo "2205"]
[BlackElo "2450"]
[PlyCount "144"]
[EventDate "2005.05.13"]
[EventType "tourn"]
[EventRounds "13"]
[EventCountry "LAT"]
[EventCategory "8"]
[SourceTitle "CBM 106 Extra"]
[Source "ChessBase"]
[SourceDate "2005.07.01"]
[SourceVersion "1"]
[SourceVersionDate "2005.07.01"]
[SourceQuality "1"]

1. d4 Nf6 2. Nf3 g6 3. g3 Bg7 4. Bg2 0-0 5. 0-0 d5 6. Bf4 c5 7. c3 Na6 8. Nbd2 Bf5 9. Qb3 Qc8 10. Ne5 c4 11. Nexc4 dxc4 12. Qxb7 Qe6 13. e4 Bg4 14. f3 Qc8 15. Qxc8 Bxc8 16. Nxc4 Nh5 17. Bg5 f6 18. Bd2 f5 19. e5 Rb8 20. b4 Rd8 21. Na5 Bxe5 22. Nc6 Bc7 23. Nxe7+ Kf7 24. Nc6 Bb7 25. Nxd8+ Rxd8 26. Bg5 Rd7 27. b5 Nb8 28. Rfd1 f4 29. Bxf4 Bxf4 30. gxf4 Rc7 31. Rac1 Nxf4 32. Kf2 Bd5 33. c4 Rxc4 34. Rxc4 Bxc4 35. Bf1 Bxf1 36. Kxf1 Ke6 37. Rc1 Nd5 38. Rc8 Nd7 39. Rc6+ Ke7 40. a4 Nb4 41. Rc7 a6 42. Rc4 Nd5 43. Kf2 a5 44. Rc8 N5b6 45. Rc7 Kd6 46. Ra7 Nc4 47. h4 h5 48. Ra6+ Ndb6 49. f4 Kd5 50. Kf3 Kxd4 51. f5 gxf5 52. Kf4 Nxa4 53. Kxf5 Nc5 54. Ra8 a4 55. Kg5 Nb6 56. Ra7 Nc8 57. Ra5 Kc4 58. Kxh5 Kb4 59. Rxa4+ Kxa4 60. b6 Kb5 61. Kg6 Kxb6 62. h5 Ne7+ 63. Kf7 Nf5 64. h6 Nxh6+ 65. Kg6 Ng8 66. Kf7 Nh6+ 67. Kg6 Ng4 68. Kf5 Nf2 69. Ke5 Kc6 70. Kd4 Ng4 71. Kc4 Ne6 72. Kc3 Kd5 1/2-1/2

[Event "LAT-ch"]
[Site "Riga"]
[Date "2005.05.14"]
[Round "3"]
[White "Kalnins, Kristaps"]
[Black "Neiksans, Arturs"]
[Result "1/2-1/2"]
[WhiteElo "2205"]
[BlackElo "2439"]
[PlyCount "131"]
[EventDate "2005.05.13"]
[EventType "tourn"]
[EventRounds "13"]
[EventCountry "LAT"]
[EventCategory "8"]
[SourceTitle "CBM 106 Extra"]
[Source "ChessBase"]
[SourceDate "2005.07.01"]
[SourceVersion "1"]
[SourceVersionDate "2005.07.01"]
[SourceQuality "1"]

1. d4 f5 2. g3 Nf6 3. Bg2 e6 4. c4 Bb4+ 5. Bd2 Bxd2+ 6. Qxd2 0-0 7. Nc3 d6 8. e3 Qe7 9. Nge2 e5 10. 0-0 Nbd7 11. b3 c6 12. Rad1 e4 13. a4 d5 14. cxd5 Nxd5 15. Nxd5 cxd5 16. Rc1 Nf6 17. Rc2 Be6 18. Rfc1 Rac8 19. Rxc8 Rxc8 20. Rxc8+ Bxc8 21. Qc2 Qd8 22. Qc5 b6 23. Qc6 Qd7 24. Qxd7 Bxd7 25. Nc3 Kf7 26. Bf1 Ke7 27. Bb5 Bxb5 28. Nxb5 a5 29. h3 Kd7 30. Kf1 g5 31. Nc3 h6 32. Ke2 Kc6 33. Kf1 Ne8 34. Nb5 Ng7 35. Kg2 Ne6 36. Kf1 Kd7 37. Kg2 Nd8 38. Na7 Ne6 39. Nb5 f4 40. Kf1 h5 41. Kg2 h4 42. g4 Nf8 43. Kf1 Ng6 44. Ke1 Ne7 45. Na7 Ng8 46. Kf1 Nf6 47. Nb5 f3 48. Nc3 Kc6 49. Nb5 Nd7 50. Na7+ Kb7 51. Nb5 Kc6 52. Na7+ Kc7 53. Nb5+ Kd8 54. Nc3 Nf6 55. Nb5 Kd7 56. Nc3 Kc6 57. Nb5 Ng8 58. Na7+ Kd7 59. Nb5 Ne7 60. Na7 b5 61. Nxb5 Nc6 62. Nc3 Nb4 63. Nb1 Nd3 64. Nd2 Nc1 65. Ke1 Kc6 66. Kf1 1/2-1/2

[Event "Liberec op"]
[Site "Liberec"]
[Date "2003.10.28"]
[Round "5.6"]
[White "Fales, Anatolij"]
[Black "Kalnins, Kristaps"]
[Result "1-0"]
[WhiteElo "2059"]
[BlackElo "2188"]
[PlyCount "97"]
[EventDate "2003.10.28"]
[EventType "swiss"]
[EventRounds "9"]
[EventCountry "CZE"]
[SourceTitle "EXT 2004"]
[Source "ChessBase"]
[SourceDate "2003.11.25"]
[SourceVersion "1"]
[SourceVersionDate "2003.11.25"]
[SourceQuality "1"]

1. d4 Nf6 2. c4 c5 3. Nf3 g6 4. Nc3 Bg7 5. e4 cxd4 6. Nxd4 d6 7. Be2 0-0 8. 0-0 Nc6 9. Be3 Bd7 10. Rc1 Rc8 11. b3 Nxd4 12. Bxd4 Bc6 13. f3 Nh5 14. Be3 f5 15. exf5 gxf5 16. f4 Nf6 17. Bf3 a6 18. Qe2 Bxf3 19. Qxf3 Ng4 20. Qd5+ Kh8 21. Bd4 Rg8 22. Rce1 e5 23. fxe5 Qh4 24. h3 Nxe5 25. Bf2 Qg5 26. Ne2 f4 27. Nd4 Bf6 28. Ne6 Qh6 29. Kh1 f3 30. Be3 Qh4 31. Bf2 Qh5 32. Nf4 fxg2+ 33. Qxg2 Qh6 34. Bg3 Bg5 35. Qh2 Rcf8 36. Rf2 Rf7 37. Ref1 Rfg7 38. Nd5 Nd3 39. Rf3 Nc5 40. Bxd6 Ne4 41. Be5 Nd2 42. Bxg7+ Qxg7 43. Rf7 Qd4 44. R1f2 Ne4 45. Rf1 Be3 46. Nxe3 Qxe3 47. Qb2+ Nc3 48. R7f3 Qe2 49. Qxc3+ 1-0